|
|
|
|
| LEADER |
02785nam a2200745 4500 |
| 001 |
ocn893202763 |
| 003 |
OCoLC |
| 005 |
20170124071700.2 |
| 006 |
m o d |
| 007 |
cr ||||||||||| |
| 008 |
141015s2015 enk ob 001 0 eng |
| 010 |
|
|
|a 2014040594
|
| 040 |
|
|
|a DLC
|b eng
|e rda
|c DLC
|d OCLCF
|d N$T
|d IDEBK
|d DG1
|d E7B
|d COO
|d RECBK
|d OCLCO
|d YDXCP
|d DG1
|d LOA
|d GrThAP
|
| 019 |
|
|
|a 911795588
|
| 020 |
|
|
|a 9781118885802 (Adobe PDF)
|
| 020 |
|
|
|a 1118885805 (Adobe PDF)
|
| 020 |
|
|
|a 9781118885888 (ePub)
|
| 020 |
|
|
|a 1118885880 (ePub)
|
| 020 |
|
|
|z 9781444350005 (cloth)
|
| 020 |
|
|
|a 9781118886809
|
| 020 |
|
|
|a 1118886801
|
| 020 |
|
|
|z 1444350005
|
| 029 |
1 |
|
|a NLGGC
|b 39275245X
|
| 029 |
1 |
|
|a GBVCP
|b 826410103
|
| 029 |
1 |
|
|a AU@
|b 000058373690
|
| 035 |
|
|
|a (OCoLC)893202763
|z (OCoLC)911795588
|
| 042 |
|
|
|a pcc
|
| 043 |
|
|
|a aw-----
|a e-gr---
|a e------
|a ff-----
|
| 050 |
0 |
0 |
|a BL1060
|
| 072 |
|
7 |
|a REL
|x 017000
|2 bisacsh
|
| 072 |
|
7 |
|a REL
|x 113000
|2 bisacsh
|
| 072 |
|
7 |
|a REL
|x 054000
|2 bisacsh
|
| 082 |
0 |
0 |
|a 200.93/09009
|2 23
|
| 049 |
|
|
|a MAIN
|
| 245 |
0 |
2 |
|a A companion to the archaeology of religion in the ancient world /
|c edited by Rubina Raja and Jörg Rüpke.
|
| 263 |
|
|
|a 1503
|
| 264 |
|
1 |
|a Chichester, West Sussex :
|b John Wiley & Sons Inc.,
|c 2015.
|
| 300 |
|
|
|a 1 online resource.
|
| 336 |
|
|
|a text
|2 rdacontent
|
| 337 |
|
|
|a computer
|2 rdamedia
|
| 338 |
|
|
|a online resource
|2 rdacarrier
|
| 490 |
1 |
|
|a Blackwell companions to the ancient world
|
| 504 |
|
|
|a Includes bibliographical references and index.
|
| 588 |
|
|
|a Description based on print version record and CIP data provided by publisher.
|
| 650 |
|
0 |
|a Archaeology and religion
|z Middle East.
|
| 650 |
|
0 |
|a Archaeology and religion
|z Greece.
|
| 650 |
|
0 |
|a Archaeology and religion
|z Rome.
|
| 650 |
|
7 |
|a Antiquities.
|2 fast
|0 (OCoLC)fst00810745
|
| 650 |
|
7 |
|a Archaeology and religion.
|2 fast
|0 (OCoLC)fst00813007
|
| 650 |
|
7 |
|a RELIGION / Comparative Religion
|2 bisacsh
|
| 650 |
|
7 |
|a RELIGION / Essays
|2 bisacsh
|
| 650 |
|
7 |
|a RELIGION / Reference
|2 bisacsh
|
| 651 |
|
0 |
|a Middle East
|x Antiquities.
|
| 651 |
|
0 |
|a Greece
|x Antiquities.
|
| 651 |
|
0 |
|a Rome
|x Antiquities.
|
| 651 |
|
7 |
|a Greece.
|2 fast
|0 (OCoLC)fst01208380
|
| 651 |
|
7 |
|a Middle East.
|2 fast
|0 (OCoLC)fst01241586
|
| 651 |
|
7 |
|a Rome (Empire)
|2 fast
|0 (OCoLC)fst01204885
|
| 655 |
|
4 |
|a Electronic books.
|
| 700 |
1 |
|
|a Raja, Rubina,
|d 1975-
|
| 700 |
1 |
|
|a Rüpke, Jörg.
|
| 776 |
0 |
8 |
|i Print version:
|t Companion to the archaeology of religion in the ancient world
|d Chichester, West Sussex : John Wiley & Sons Inc., 2015
|z 9781444350005
|w (DLC) 2014039728
|
| 830 |
|
0 |
|a Blackwell companions to the ancient world.
|
| 856 |
4 |
0 |
|u https://doi.org/10.1002/9781118886809
|z Full Text via HEAL-Link
|
| 994 |
|
|
|a 92
|b DG1
|